Les personnages de manga en image - Statistiques

Statistiques générales
  • Ce quiz a été pris 460 fois
  • Le résultat moyen est 8 sur 16
Statistiques - réponses
Par images Réponse % Correct
Naruto Uzumaki
100%
L Lawliet
94%
Kurapika
82%
Yuji Itadori
81%
Takemichi Hanagaki
68%
All For One
65%
Reiner Braun
64%
Senku Ishigami
64%
Piccolo Daimao
54%
Ben Beckman
43%
Thorkell le Grand
28%
Bouddha
19%
Kaori Miyazono
15%
Emiya Shiro
9%
Adam Smasher
5%
Shen Xiang
3%
Aucun quiz correspondant
Distribution des résultats
% des personnes avec chaque résultat
Percentile par nombre de réponses
Votre historique - résultats
Vous n’avez pas pris ce quiz